| 000 | 00474cam a2200193ua 4500 | ||
|---|---|---|---|
| 001 | 10338 | ||
| 008 | 180419n ii |||gr||||Z||||||eng | ||
| 020 | _a9788173813833 | ||
| 040 | _cMAIN | ||
| 041 | _aeng | ||
| 082 | _a330 | ||
| 100 |
_aMukherjee, Sampat, _eAuthor. |
||
| 245 |
_aRefresher course in economics _cBy Sampat Mukherjee |
||
| 250 | _a1st ed. | ||
| 260 |
_aKolkata: _bNew central book agency, _c2006. |
||
| 300 | _a1262p. | ||
| 653 | _aEconomics | ||
| 942 | _cBK | ||
| 999 |
_c9331 _d9331 |
||